Quizzes
Events
Quiz Creation
Community
Videos
Private Events
Remove Ads
Sign In
Join for FREE
Feedback
Dark Mode
Quiz Categories
Sports
Geography
Music
Movies
Television
Just For Fun
Miscellaneous
History
Literature
Language
Science
Gaming
Entertainment
Religion
Holiday
For Kids
Quiz Lab
Recent
Popular Today
Quiz Kudos Today
Editor Picks
Curator Picks
Quizzes by...
Day
Popularity
Type
Ratings
Length
Year
Community
Subscriptions
Recent Discussions
Orange Saloon
Badges
Playlists
Quests
Create
Leaderboards
Showdown
Live 5
Trivia Bingo
Activity
Puzzle Library
Sporcle Events
Private Events
Virtual Trivia
Globe League
Become a Host
Pub Owners
SporcleCon
Opinionation
Our Games
Videos
Blog
Mobile Apps
Partnerships
Remove Ads and Go Orange
Feedback
Language
Vocabulary
Begins and Ends
Definition
Spanish
French
German
Italian
Chinese
Latin
Translation
Japanese
Language
Vocabulary
Begins and Ends
Definition
Spanish
French
German
Italian
Chinese
Latin
Translation
Japanese
Random Quiz
Search Sporcle
×
Quiz Lab
Quiz Lab
Language
Mixed Word
Type in answers that appear in a list
Type in answers that appear in a list
Classic
Best Score? Go Orange.
Very Tough Word Scramble Stats
Can you name the 9-13 letter Word Scramble?
By
hnofer17
9m
10 Questions
585 Plays
585 Plays
585 Plays
Comments
Comments
Give Quiz Kudos
Give Quiz Kudos
-
- Ratings
hide this ad
More Info
Random Order
Randomize order of answers
Randomize order of answers
Replay
Link that replays current quiz
Next Quiz
Link to next quiz in quiz playlist
You Got
0%
They Got
Avg Score
40%
Avg Friend Score
Upgrade to see
Score Distribution
Jump to the score distribution portion of the page
Score
0/10
Timer
09:00
0
Plays Today
Scrambled Word
Unscrambled
% Correct
OOHHLCIDD
CHILDHOOD
79%
AOTNNIGAMII
IMAGINATION
50.1%
RAESENACSNI
RENAISSANCE
41.9%
BLECNMAAU
AMBULANCE
40.9%
TSOUNERELCF
FLUORESCENT
34.2%
OOHSHLAICILPP
PHILOSOPHICAL
34%
NNLNRIEITOAAT
INTERNATIONAL
32.5%
LVCARURNAE
VERNACULAR
31.6%
AABRMSTENMESR
EMBARRASSMENT
30.4%
CIBRPAMOLET
PROBLEMATIC
27.4%
Quiz Playlist
Details
Report
Send in Message
Add To Playlist
More Info:
This word scramble is extremely challenging. All words are 9-13 letters long. Good luck!
Classic:
Type in answers that appear in a list
Random Order:
Randomize order of answers
Last Updated: Feb 16, 2017
Quiz Scoreboard
CHALLENGE
Sign Up to Join the Scoreboard
Show All
Scores
Hide
Comments
May contain spoilers
Recently Published
Alphabetical 'K' Countries by Flag Minefield
by ylime102
Geography
3m
Pick 6: Fruits
by JohnFran
Miscellaneous
15s
Click the 1999 NBA Draft
by nibperrychub
Sports
2m
More to Explore
Quiz From the Vault
Featured Blog Post
15 Basketball Trivia Facts You Can Be March Mad About
hide this ad
You Might Also Like...
Tags
Letter Quiz
Mixed Word Quiz
scramble
tough
Word Scramble
Today's Top Quizzes in Language
Browse Language
hide this ad
Today's Top Quizzes in Mixed Word
Browse Mixed Word
Top Contributed Quizzes in Language
1
Spanish Seasons
2
Spring or Fall
3
Multilingual Seasons
4
Russian Alphabet (Picture Click)
5
Trivia Jigsaw: Language
6
Guess the Word in 3 Words
7
JLPT N5 Kanji
8
Vocabulary Blitz 71
9
IPA Vowel Identification
10
Einsilbige Reime auf Chips
Explore More
Trending Topics
Marvel
NBA
Crossword
Kpop
Harry Potter
Disney
Anime
Song
Pokémon
Puzzle
WWE
The Office
Country
NFL
Soccer
hide this ad
More By:
hnofer17
Quiz
Plays
Rating
Category
Featured
Created
Very Tough Word Scramble
585
5.00
Language
Jan 31, 2011
60 second blitz: Perfect Squares
305
3.75
Science
Dec 12, 2010
Real to Rapper Name
265
5.00
Music
May 15, 2011
Go to Creator's Profile
Score Distribution
Quiz Creator Spotlight
hnofer17
Follow
Send a Message
Quizzes Created
-
Created Quiz Play Count
-
More By This Creator
Popular Quizzes Today
1
Find the US States - No Outlines Minefield
2
Countries of Asia Without Outlines Minefield
3
Pick 6: Fruits
4
Alphabetical 'K' Countries by Flag Minefield
5
The Countries of the World
6
Click the 1999 NBA Draft
7
Match the Book to the Film X
8
Find the US States
More Language Quizzes
Find the 'C' Things
Published
Trending Quizzes
Pick 6: Harry Potter
Pick 6: Mountains
Pick 6: NFL Teams
Pick 6: Golfers
Pick 6: Movie Franchises
Recently Updated
Women's Final Four Teams by Year
bhenderson79
Presidents Quartet II
eogle
Anything But Clue(do)
eogle
Anything But Oceanian Capitals
eogle
Anything But 7
eogle
Anything But Thing
eogle
Word Ladder: February 29
pecheneg
Song Title Questions
pecheneg
Women's NCAA Tournament #1 Seeds
pecheneg
Celebrity Mug Shots
pecheneg
Trending Topics
Kpop
Crossword
Harry Potter
Disney
NBA
Marvel
Anime
The Office
Puzzle
Country
Song
Pokémon
WWE
Soccer
NFL
Your Account Isn't Verified!
In order to create a playlist on Sporcle, you need to verify the email address you used during registration. Go to your
Sporcle Settings
to finish the process.
Report this User
Report this user for behavior that violates our
Community Guidelines
.
Details:
Send Report
Go to the Sporcle.com Mobile Site →
Comments